[Event "Wroclaw Open"]
[Site "?"]
[Date "2017.08.16"]
[Round "8.3"]
[White "Gierulski, Kamil"]
[Black "Kowalczyk, Pawel"]
[Result "0-1"]
[BlackElo "2311"]
[WhiteElo "2210"]
[LiveChessVersion "1.4.6"]

1. e4 {[%clk 1:29:06]} c5 {[%clk 1:30:51]} 2. Nf3 {[%clk 1:29:30]} e6
{[%clk 1:31:16]} 3. b3 {[%clk 1:29:42]} Nc6 {[%clk 1:31:40]} 4. Bb2
{[%clk 1:30:02]} d5 {[%clk 1:31:18]} 5. Bb5 {[%clk 1:30:18]} Nf6 {[%clk 1:31:26]}
6. exd5 {[%clk 1:30:32]} exd5 {[%clk 1:31:11]} 7. Qe2+ {[%clk 1:30:08]} Be7
{[%clk 1:31:23]} 8. Ne5 {[%clk 1:25:46]} Qc7 {[%clk 1:24:29]} 9. Nxc6
{[%clk 1:17:49]} bxc6 {[%clk 1:24:46]} 10. Be5 {[%clk 1:14:35]} Qb6
{[%clk 1:23:35]} 11. Bxf6 {[%clk 1:13:36]} gxf6 {[%clk 1:24:00]} 12. Bd3
{[%clk 1:00:59]} Be6 {[%clk 1:23:51]} 13. Nc3 {[%clk 1:00:09]} h5
{[%clk 1:21:19]} 14. h3 {[%clk 0:56:13]} Kd7 {[%clk 1:15:04]} 15. Qf3
{[%clk 0:53:47]} Rhg8 {[%clk 1:14:43]} 16. O-O {[%clk 0:45:49]} Rg5
{[%clk 1:13:33]} 17. Kh1 {[%clk 0:45:59]} Rag8 {[%clk 1:13:24]} 18. Rg1
{[%clk 0:46:18]} Qb4 {[%clk 1:12:59]} 19. Ne2 {[%clk 0:43:15]} Bd6
{[%clk 1:08:38]} 20. c4 {[%clk 0:34:45]} Qxd2 {[%clk 1:08:07]} 21. Rad1
{[%clk 0:33:24]} Rxg2 {[%clk 1:08:31]} 22. Qxg2 {[%clk 0:30:45]} Rxg2
{[%clk 1:08:32]} 23. Kxg2 {[%clk 0:29:15]} Qg5+ {[%clk 1:08:57]} 24. Kf1
{[%clk 0:29:10]} Bxh3+ {[%clk 1:08:37]} 25. Ke1 {[%clk 0:29:36]} Qe5
{[%clk 1:08:55]} 26. Rg7 {[%clk 0:25:27]} Ke7 {[%clk 1:03:29]} 27. Bg6
{[%clk 0:23:19]} Bg4 {[%clk 0:56:50]} 28. Rxf7+ {[%clk 0:23:31]} Ke6
{[%clk 0:55:58]} 29. Rd2 {[%clk 0:22:57]} Qa1+ {[%clk 0:55:26]} 30. Rd1
{[%clk 0:23:21]} Qxa2 {[%clk 0:55:45]} 31. Rd2 {[%clk 0:22:50]} Qa1+
{[%clk 0:55:24]} 32. Rd1 {[%clk 0:23:10]} Qe5 {[%clk 0:55:39]} 33. Rd2
{[%clk 0:23:17]} Qh2 {[%clk 0:52:06]} 34. Rd3 {[%clk 0:23:04]} d4
{[%clk 0:48:37]} 35. Rxa7 {[%clk 0:22:23]} Qh1+ {[%clk 0:48:06]} 36. Kd2
{[%clk 0:22:51]} Qf1 {[%clk 0:48:19]} 37. Bf7+ {[%clk 0:15:21]} Ke5 0-1

[Event "Wroclaw Open"]
[Site "?"]
[Date "2017.08.16"]
[Round "8.4"]
[White "Jagodzinski, Piotr"]
[Black "Grabarczyk, Miroslaw"]
[Result "1-0"]
[BlackElo "2441"]
[WhiteElo "2177"]
[LiveChessVersion "1.4.6"]

1. d4 {[%clk 1:30:56]} d5 {[%clk 1:30:52]} 2. c4 {[%clk 1:31:20]} e6
{[%clk 1:30:23]} 3. Nf3 {[%clk 1:31:32]} Nf6 {[%clk 1:30:22]} 4. g3
{[%clk 1:31:20]} Bb4+ {[%clk 1:30:26]} 5. Bd2 {[%clk 1:30:48]} Be7
{[%clk 1:30:36]} 6. Qa4+ {[%clk 1:24:59]} c6 {[%clk 1:19:58]} 7. Bg2
{[%clk 1:22:19]} O-O {[%clk 1:19:52]} 8. Ne5 {[%clk 1:21:01]} Nbd7
{[%clk 1:13:51]} 9. Nxd7 {[%clk 1:11:50]} Qxd7 {[%clk 1:04:31]} 10. O-O
{[%clk 1:02:28]} b5 {[%clk 0:58:59]} 11. cxb5 {[%clk 1:01:47]} cxb5
{[%clk 0:59:21]} 12. Qb3 {[%clk 1:01:30]} a5 {[%clk 0:57:23]} 13. Rc1
{[%clk 0:53:13]} b4 {[%clk 0:52:10]} 14. Qd1 {[%clk 0:41:03]} Ba6
{[%clk 0:39:41]} 15. Bf4 {[%clk 0:41:10]} Rfc8 {[%clk 0:37:10]} 16. Nd2
{[%clk 0:40:53]} a4 {[%clk 0:36:06]} 17. Nf3 {[%clk 0:37:28]} Ne4
{[%clk 0:34:48]} 18. Ne5 {[%clk 0:33:41]} Qe8 {[%clk 0:32:40]} 19. Nd3
{[%clk 0:30:22]} a3 {[%clk 0:29:59]} 20. bxa3 {[%clk 0:29:09]} bxa3
{[%clk 0:30:13]} 21. Bxe4 {[%clk 0:21:28]} dxe4 {[%clk 0:30:29]} 22. Nc5
{[%clk 0:21:50]} Qb5 {[%clk 0:24:32]} 23. Nxa6 {[%clk 0:21:18]} Qxa6
{[%clk 0:24:54]} 24. Rab1 {[%clk 0:21:18]} g5 {[%clk 0:19:42]} 25. Be3
{[%clk 0:19:28]} Qd6 {[%clk 0:18:00]} 26. Rb5 {[%clk 0:18:56]} f6
{[%clk 0:16:03]} 27. Qb3 {[%clk 0:15:30]} Rxc1+ {[%clk 0:11:52]} 28. Bxc1
{[%clk 0:15:58]} Rc8 {[%clk 0:12:01]} 29. Bxa3 {[%clk 0:16:09]} Qd7
{[%clk 0:09:53]} 30. Rb7 {[%clk 0:16:31]} 1-0

[Event "Wroclaw Open"]
[Site "?"]
[Date "2017.08.16"]
[Round "8.5"]
[White "Piotrowski, Przemyslaw"]
[Black "Nowak, Kamil"]
[Result "0-1"]
[BlackElo "2318"]
[WhiteElo "2335"]
[LiveChessVersion "1.4.6"]

1. Nf3 {[%clk 1:30:31]} d5 {[%clk 1:30:35]} 2. g3 {[%clk 1:30:56]} Nf6
{[%clk 1:30:39]} 3. Bg2 {[%clk 1:31:16]} c6 {[%clk 1:30:52]} 4. O-O
{[%clk 1:30:43]} Bg4 {[%clk 1:31:15]} 5. Ne5 {[%clk 1:24:37]} Bf5
{[%clk 1:30:08]} 6. c4 {[%clk 1:22:39]} e6 {[%clk 1:28:05]} 7. d4
{[%clk 1:22:53]} Nbd7 {[%clk 1:28:20]} 8. Nc3 {[%clk 1:17:52]} Nxe5
{[%clk 1:28:43]} 9. dxe5 {[%clk 1:18:18]} Nd7 {[%clk 1:29:06]} 10. cxd5
{[%clk 1:12:41]} exd5 {[%clk 1:29:16]} 11. e4 {[%clk 0:58:30]} dxe4
{[%clk 1:24:26]} 12. Bxe4 {[%clk 0:53:57]} Bxe4 {[%clk 1:23:16]} 13. Nxe4
{[%clk 0:54:22]} Nxe5 {[%clk 1:22:29]} 14. Qh5 {[%clk 0:46:23]} Qd5
{[%clk 1:13:02]} 15. Bf4 {[%clk 0:41:09]} Ng6 {[%clk 1:11:58]} 16. Qxd5
{[%clk 0:33:30]} cxd5 {[%clk 1:12:25]} 17. Nc3 {[%clk 0:33:53]} Nxf4
{[%clk 1:09:53]} 18. gxf4 {[%clk 0:34:00]} O-O-O {[%clk 1:09:10]} 19. Rfd1
{[%clk 0:32:09]} d4 {[%clk 1:06:37]} 20. Ne2 {[%clk 0:26:31]} d3 {[%clk 1:05:10]}
21. Rac1+ {[%clk 0:26:57]} Kb8 {[%clk 1:05:21]} 22. Rc3 {[%clk 0:27:21]} Ba3
{[%clk 1:05:26]} 23. Rcxd3 {[%clk 0:23:31]} Rxd3 {[%clk 1:05:47]} 24. Rxd3
{[%clk 0:24:00]} Bxb2 {[%clk 1:06:16]} 25. Rd7 {[%clk 0:23:26]} Rf8
{[%clk 0:56:53]} 26. Ng3 {[%clk 0:20:53]} Kc8 {[%clk 0:56:38]} 27. Rd2
{[%clk 0:21:15]} Ba3 {[%clk 0:55:41]} 28. Rd3 {[%clk 0:19:22]} Be7
{[%clk 0:52:47]} 29. Nf5 {[%clk 0:17:11]} Bf6 {[%clk 0:52:08]} 30. Rh3
{[%clk 0:16:36]} h6 {[%clk 0:52:36]} 31. Rg3 {[%clk 0:16:54]} Rd8
{[%clk 0:52:19]} 32. Nxg7 {[%clk 0:17:01]} Rd5 {[%clk 0:52:48]} 33. f5
{[%clk 0:12:18]} Kd7 {[%clk 0:48:09]} 34. Nh5 {[%clk 0:11:50]} Be7
{[%clk 0:45:36]} 35. Rf3 {[%clk 0:06:36]} Rd2 {[%clk 0:45:10]} 36. a4
{[%clk 0:04:34]} Kc6 {[%clk 0:45:02]} 37. Ng3 {[%clk 0:04:25]} Kd5
{[%clk 0:44:24]} 38. Rb3 {[%clk 0:04:00]} b6 {[%clk 0:42:48]} 39. Nf1
{[%clk 0:01:48]} Ra2 {[%clk 0:42:23]} 40. Rd3+ {[%clk 0:02:16]} Kc6
{[%clk 0:41:54]} 41. Rh3 {[%clk 0:02:17]} Bg5 {[%clk 0:40:49]} 42. Rc3+
{[%clk 0:02:43]} Kd6 {[%clk 0:39:24]} 43. Rc4 {[%clk 0:02:34]} Kd5
{[%clk 0:35:17]} 44. Rc7 {[%clk 0:02:33]} Rxa4 {[%clk 0:32:43]} 45. Rxf7
{[%clk 0:03:02]} a5 {[%clk 0:33:11]} 46. f6 {[%clk 0:02:02]} Rf4 {[%clk 0:31:45]}
47. Ne3+ {[%clk 0:02:25]} Kc6 {[%clk 0:31:26]} 48. Kf1 {[%clk 0:00:44]} Rxf6
{[%clk 0:31:26]} 49. Rxf6+ {[%clk 0:01:08]} Bxf6 {[%clk 0:31:48]} 50. Ke2
{[%clk 0:01:38]} a4 {[%clk 0:31:23]} 51. Kd3 {[%clk 0:01:47]} b5 {[%clk 0:29:19]}
52. Kc2 {[%clk 0:01:06]} b4 {[%clk 0:28:38]} 53. Nc4 {[%clk 0:00:53]} b3+
{[%clk 0:27:12]} 54. Kb1 {[%clk 0:00:58]} Kc5 {[%clk 0:26:34]} 55. Nd2
{[%clk 0:00:55]} Kb4 {[%clk 0:26:08]} 0-1

[Event "Wroclaw Open"]
[Site "?"]
[Date "2017.08.16"]
[Round "8.6"]
[White "Kanarkiewicz, Michal"]
[Black "Reza, Wojciech"]
[Result "1/2-1/2"]
[BlackElo "2241"]
[WhiteElo "2034"]
[LiveChessVersion "1.4.6"]

1. d4 {[%clk 1:20:59]} Nf6 {[%clk 1:30:37]} 2. c4 {[%clk 1:21:22]} e6
{[%clk 1:30:46]} 3. Nf3 {[%clk 1:21:32]} b6 {[%clk 1:30:13]} 4. Nc3
{[%clk 1:21:41]} Bb7 {[%clk 1:30:30]} 5. Bg5 {[%clk 1:20:25]} Bb4
{[%clk 1:30:47]} 6. e3 {[%clk 1:19:25]} Bxc3+ {[%clk 1:30:59]} 7. bxc3
{[%clk 1:19:49]} d6 {[%clk 1:31:23]} 8. Be2 {[%clk 1:19:47]} O-O {[%clk 1:31:13]}
9. O-O {[%clk 1:19:30]} Nbd7 {[%clk 1:31:36]} 10. Nd2 {[%clk 1:18:30]} c5
{[%clk 1:29:32]} 11. Bf3 {[%clk 1:17:41]} Qc7 {[%clk 1:29:31]} 12. Rc1
{[%clk 1:17:10]} Rfe8 {[%clk 1:27:41]} 13. Re1 {[%clk 1:14:05]} 1/2-1/2

[Event "Wroclaw Open"]
[Site "?"]
[Date "2017.08.16"]
[Round "8.7"]
[White "Sergeev, Vladimir"]
[Black "Szczepaniak, Lukasz"]
[Result "1/2-1/2"]
[BlackElo "2163"]
[WhiteElo "2417"]
[LiveChessVersion "1.4.6"]

1. Nf3 {[%clk 1:29:29]} d5 {[%clk 1:30:33]} 2. g3 {[%clk 1:29:39]} Nf6
{[%clk 1:30:53]} 3. Bg2 {[%clk 1:30:07]} g6 {[%clk 1:30:34]} 4. c4
{[%clk 1:30:20]} c6 {[%clk 1:29:00]} 5. Qa4 {[%clk 1:30:20]} Nbd7
{[%clk 1:25:26]} 6. cxd5 {[%clk 1:28:32]} Nb6 {[%clk 1:23:26]} 7. Qb3
{[%clk 1:28:20]} Qxd5 {[%clk 1:21:42]} 8. Qc2 {[%clk 1:28:10]} Bg7
{[%clk 1:19:40]} 9. Nc3 {[%clk 1:27:50]} Qh5 {[%clk 1:15:32]} 10. h3
{[%clk 1:26:30]} Qa5 {[%clk 1:09:14]} 11. d3 {[%clk 1:20:32]} Nbd5
{[%clk 1:05:13]} 12. Bd2 {[%clk 1:19:44]} Qc7 {[%clk 1:03:06]} 13. Na4
{[%clk 1:19:22]} O-O {[%clk 1:02:33]} 14. O-O {[%clk 1:19:36]} a5
{[%clk 0:54:20]} 15. Rfc1 {[%clk 1:17:54]} Nb4 {[%clk 0:50:23]} 16. Qd1
{[%clk 1:17:11]} e5 {[%clk 0:37:31]} 17. a3 {[%clk 1:15:25]} Nbd5
{[%clk 0:37:17]} 18. e4 {[%clk 1:12:36]} Nb6 {[%clk 0:35:33]} 19. Nxb6
{[%clk 1:02:25]} Qxb6 {[%clk 0:35:59]} 20. Nxe5 {[%clk 1:02:32]} Nxe4
{[%clk 0:26:29]} 21. Be3 {[%clk 1:00:41]} Qc7 {[%clk 0:26:28]} 22. Nc4
{[%clk 0:38:38]} Nf6 {[%clk 0:23:11]} 23. Bb6 {[%clk 0:38:45]} Qb8
{[%clk 0:19:26]} 24. Qd2 {[%clk 0:27:57]} a4 {[%clk 0:15:45]} 25. Bc5
{[%clk 0:18:27]} Rd8 {[%clk 0:14:21]} 26. Be7 {[%clk 0:12:56]} Re8
{[%clk 0:11:13]} 27. Qb4 {[%clk 0:11:58]} Be6 {[%clk 0:07:35]} 28. Nb6
{[%clk 0:09:57]} Ra6 {[%clk 0:07:37]} 29. Bxf6 {[%clk 0:09:04]} Bxf6
{[%clk 0:07:55]} 30. Nxa4 {[%clk 0:07:37]} Rxa4 {[%clk 0:04:25]} 31. Qxa4
{[%clk 0:08:06]} Bxb2 {[%clk 0:04:49]} 32. Qb4 {[%clk 0:08:01]} Bxa1
{[%clk 0:04:37]} 33. Rxa1 {[%clk 0:08:30]} Qc8 {[%clk 0:03:45]} 34. h4
{[%clk 0:08:45]} Qd7 {[%clk 0:02:26]} 35. d4 {[%clk 0:08:45]} Bd5
{[%clk 0:01:55]} 36. a4 {[%clk 0:06:55]} Bxg2 {[%clk 0:01:59]} 37. Kxg2
{[%clk 0:07:24]} Re4 {[%clk 0:01:18]} 38. Rd1 {[%clk 0:07:07]} Qd5
{[%clk 0:01:27]} 39. Kg1 {[%clk 0:06:40]} c5 {[%clk 0:00:58]} 40. Qxc5
{[%clk 0:06:19]} Qxc5 {[%clk 0:01:27]} 41. dxc5 {[%clk 0:06:48]} Rxa4
{[%clk 0:01:49]} 42. Rd7 {[%clk 0:07:14]} Ra5 {[%clk 0:00:50]} 43. Rc7
{[%clk 0:07:40]} Rb5 {[%clk 0:01:01]} 44. g4 {[%clk 0:07:03]} b6 {[%clk 0:01:11]}
45. c6 {[%clk 0:07:30]} Rc5 {[%clk 0:01:36]} 46. Kg2 {[%clk 0:02:39]} b5
{[%clk 0:01:50]} 47. g5 {[%clk 0:02:18]} b4 {[%clk 0:02:06]} 48. Kg3
{[%clk 0:02:46]} b3 {[%clk 0:02:26]} 49. f4 {[%clk 0:01:54]} b2 {[%clk 0:02:47]}
50. Rb7 {[%clk 0:00:47]} Rxc6 {[%clk 0:03:12]} 51. Rxb2 {[%clk 0:01:15]} Kg7
{[%clk 0:03:18]} 52. Rb7 {[%clk 0:01:44]} Rc1 {[%clk 0:03:09]} 53. Rb6
{[%clk 0:01:36]} Rg1+ {[%clk 0:03:09]} 54. Kf3 {[%clk 0:02:03]} Rh1
{[%clk 0:03:28]} 55. Kg3 {[%clk 0:02:05]} Rg1+ {[%clk 0:03:53]} 56. Kf3
{[%clk 0:02:25]} Rh1 {[%clk 0:04:18]} 1/2-1/2

[Event "Wroclaw Open"]
[Site "?"]
[Date "2017.08.16"]
[Round "8.8"]
[White "Widla, Piotr"]
[Black "Swicarz, Maciej"]
[Result "1-0"]
[BlackElo "2369"]
[WhiteElo "2029"]
[LiveChessVersion "1.4.6"]

1. e4 {[%clk 1:30:58]} c6 {[%clk 1:30:58]} 2. d4 {[%clk 1:31:11]} d5
{[%clk 1:31:25]} 3. f3 {[%clk 1:31:06]} e6 {[%clk 1:31:28]} 4. Nc3
{[%clk 1:27:47]} Bb4 {[%clk 1:31:32]} 5. Qd3 {[%clk 1:26:32]} b6 {[%clk 1:30:31]}
6. Qe3 {[%clk 1:26:59]} Ba6 {[%clk 1:29:33]} 7. Bxa6 {[%clk 1:26:39]} Nxa6
{[%clk 1:29:59]} 8. Nge2 {[%clk 1:27:00]} Nf6 {[%clk 1:27:32]} 9. e5
{[%clk 1:21:12]} Nd7 {[%clk 1:27:54]} 10. a3 {[%clk 1:18:12]} Be7
{[%clk 1:27:16]} 11. f4 {[%clk 1:15:10]} c5 {[%clk 1:27:26]} 12. Bd2
{[%clk 1:13:50]} Nab8 {[%clk 1:24:48]} 13. O-O-O {[%clk 1:01:52]} Nc6
{[%clk 1:24:52]} 14. f5 {[%clk 1:00:29]} cxd4 {[%clk 0:48:21]} 15. Nxd4
{[%clk 1:00:40]} Nxd4 {[%clk 0:48:05]} 16. Qxd4 {[%clk 1:01:04]} exf5
{[%clk 0:46:30]} 17. Nxd5 {[%clk 0:49:46]} O-O {[%clk 0:43:23]} 18. Bc3
{[%clk 0:48:28]} Nc5 {[%clk 0:40:57]} 19. Kb1 {[%clk 0:46:34]} Re8
{[%clk 0:36:47]} 20. Rhf1 {[%clk 0:32:23]} Qc8 {[%clk 0:35:31]} 21. g4
{[%clk 0:32:34]} Ne6 {[%clk 0:34:19]} 22. Qf2 {[%clk 0:32:49]} f4
{[%clk 0:34:23]} 23. Nxf4 {[%clk 0:31:52]} Bc5 {[%clk 0:34:35]} 24. Qf3
{[%clk 0:30:23]} Nxf4 {[%clk 0:34:27]} 25. Qxf4 {[%clk 0:30:48]} Qe6
{[%clk 0:34:23]} 26. Rd3 {[%clk 0:26:31]} Red8 {[%clk 0:33:10]} 27. Rfd1
{[%clk 0:22:29]} Rxd3 {[%clk 0:33:27]} 28. Rxd3 {[%clk 0:22:59]} a5
{[%clk 0:33:33]} 29. h4 {[%clk 0:20:38]} h6 {[%clk 0:33:41]} 30. g5
{[%clk 0:20:35]} h5 {[%clk 0:33:44]} 31. Qf3 {[%clk 0:20:58]} Re8
{[%clk 0:33:30]} 32. Qxh5 {[%clk 0:21:16]} Bf2 {[%clk 0:33:05]} 33. Rd6
{[%clk 0:19:32]} Qf5 {[%clk 0:31:39]} 34. e6 {[%clk 0:19:29]} Rf8
{[%clk 0:30:50]} 35. e7 {[%clk 0:17:20]} Re8 {[%clk 0:31:15]} 36. Rd8
{[%clk 0:17:41]} Qb5 {[%clk 0:31:33]} 37. g6 {[%clk 0:17:18]} Qf1+
{[%clk 0:31:58]} 38. Ka2 {[%clk 0:17:47]} Qc4+ {[%clk 0:32:20]} 39. b3
{[%clk 0:18:15]} 1-0

[Event "Wroclaw Open"]
[Site "?"]
[Date "2017.08.16"]
[Round "8.9"]
[White "Kucza, Karol"]
[Black "Schwedek, Tony"]
[Result "1-0"]
[BlackElo "1920"]
[WhiteElo "2320"]
[LiveChessVersion "1.4.6"]

1. e4 {[%clk 1:30:58]} e5 {[%clk 1:30:53]} 2. Nf3 {[%clk 1:31:09]} Nc6
{[%clk 1:31:15]} 3. Bb5 {[%clk 1:29:47]} a6 {[%clk 1:31:37]} 4. Ba4
{[%clk 1:30:12]} Nf6 {[%clk 1:32:00]} 5. O-O {[%clk 1:30:37]} Be7
{[%clk 1:32:24]} 6. Re1 {[%clk 1:30:58]} b5 {[%clk 1:32:46]} 7. Bb3
{[%clk 1:31:23]} d6 {[%clk 1:33:09]} 8. c3 {[%clk 1:31:48]} O-O {[%clk 1:33:32]}
9. h3 {[%clk 1:30:40]} Nb8 {[%clk 1:33:54]} 10. d4 {[%clk 1:30:57]} Nbd7
{[%clk 1:33:59]} 11. Nbd2 {[%clk 1:30:50]} Bb7 {[%clk 1:34:05]} 12. Bc2
{[%clk 1:31:14]} Re8 {[%clk 1:32:55]} 13. a4 {[%clk 1:31:27]} Bf8
{[%clk 1:29:29]} 14. b4 {[%clk 1:31:16]} d5 {[%clk 1:25:44]} 15. dxe5
{[%clk 1:20:08]} Nxe5 {[%clk 1:25:34]} 16. Nxe5 {[%clk 1:19:35]} Rxe5
{[%clk 1:25:48]} 17. f4 {[%clk 1:18:38]} Re8 {[%clk 1:22:57]} 18. e5
{[%clk 1:17:19]} Nd7 {[%clk 1:21:04]} 19. Nf3 {[%clk 1:06:44]} g6
{[%clk 1:11:57]} 20. f5 {[%clk 1:01:46]} c5 {[%clk 1:08:38]} 21. e6
{[%clk 0:58:04]} Nf6 {[%clk 1:06:18]} 22. exf7+ {[%clk 0:55:42]} Kxf7
{[%clk 1:06:38]} 23. Ng5+ {[%clk 0:54:17]} Kg7 {[%clk 1:06:51]} 24. Ne6+
{[%clk 0:43:08]} Rxe6 {[%clk 1:07:11]} 25. fxe6 {[%clk 0:43:19]} d4
{[%clk 1:06:22]} 26. cxd4 {[%clk 0:41:22]} cxd4 {[%clk 1:04:51]} 27. Bb2
{[%clk 0:37:35]} Bxb4 {[%clk 1:04:31]} 28. Qxd4 {[%clk 0:36:42]} Qxd4+
{[%clk 1:02:48]} 29. Bxd4 {[%clk 0:37:05]} Bxe1 {[%clk 1:03:11]} 30. Rxe1
{[%clk 0:37:10]} Rd8 {[%clk 1:02:47]} 31. Ba1 {[%clk 0:27:53]} Bc6
{[%clk 1:00:19]} 32. e7 {[%clk 0:25:27]} Rd6 {[%clk 1:00:31]} 33. e8=Q
{[%clk 0:24:43]} Bxe8 {[%clk 1:00:52]} 34. Rxe8 {[%clk 0:25:07]} bxa4
{[%clk 1:01:05]} 35. Bxa4 {[%clk 0:24:04]} Kf7 {[%clk 1:01:01]} 36. Re1
{[%clk 0:24:15]} 1-0

[Event "Wroclaw Open"]
[Site "?"]
[Date "2017.08.16"]
[Round "8.10"]
[White "Hetzer, Volkhard"]
[Black "Dowgird, Filip"]
[Result "0-1"]
[BlackElo "2271"]
[WhiteElo "1980"]
[LiveChessVersion "1.4.6"]

1. d4 {[%clk 1:28:07]} Nf6 {[%clk 1:30:54]} 2. Bg5 {[%clk 1:28:17]} e6
{[%clk 1:30:45]} 3. Nf3 {[%clk 1:22:25]} h6 {[%clk 1:30:44]} 4. Bh4
{[%clk 1:22:44]} Nc6 {[%clk 1:29:40]} 5. c3 {[%clk 1:19:52]} g5 {[%clk 1:27:34]}
6. Bg3 {[%clk 1:20:07]} Nh5 {[%clk 1:27:22]} 7. e3 {[%clk 1:13:52]} d6
{[%clk 1:25:18]} 8. Be2 {[%clk 1:10:48]} Bg7 {[%clk 1:23:56]} 9. Nbd2
{[%clk 1:06:38]} Bd7 {[%clk 1:22:08]} 10. a4 {[%clk 0:59:51]} Qe7
{[%clk 1:18:33]} 11. Nc4 {[%clk 0:53:22]} Nxg3 {[%clk 1:16:40]} 12. hxg3
{[%clk 0:53:39]} g4 {[%clk 1:13:50]} 13. Nfd2 {[%clk 0:51:34]} d5
{[%clk 1:13:17]} 14. Na3 {[%clk 0:51:34]} f5 {[%clk 1:11:53]} 15. b4
{[%clk 0:49:49]} h5 {[%clk 1:08:48]} 16. Qc2 {[%clk 0:41:12]} O-O-O
{[%clk 1:05:14]} 17. b5 {[%clk 0:38:38]} Na5 {[%clk 1:04:28]} 18. Nb3
{[%clk 0:38:30]} Nxb3 {[%clk 1:04:26]} 19. Qxb3 {[%clk 0:38:54]} h4
{[%clk 1:02:15]} 20. gxh4 {[%clk 0:38:23]} Rxh4 {[%clk 1:02:35]} 21. O-O-O
{[%clk 0:34:04]} Rdh8 {[%clk 1:01:14]} 22. Rxh4 {[%clk 0:20:53]} Rxh4
{[%clk 1:00:42]} 23. g3 {[%clk 0:20:42]} Rh2 {[%clk 1:00:49]} 24. Rf1
{[%clk 0:21:09]} Bf8 {[%clk 0:52:21]} 25. Nc2 {[%clk 0:21:15]} c5
{[%clk 0:46:43]} 26. bxc6 {[%clk 0:20:14]} Bxc6 {[%clk 0:47:09]} 27. Nb4
{[%clk 0:19:28]} Bd7 {[%clk 0:45:19]} 28. a5 {[%clk 0:17:21]} Qd8
{[%clk 0:44:10]} 29. a6 {[%clk 0:16:36]} b5 {[%clk 0:43:58]} 30. Qa2
{[%clk 0:13:04]} Bd6 {[%clk 0:43:23]} 31. Kd2 {[%clk 0:13:12]} Qc7
{[%clk 0:37:26]} 32. Qa1 {[%clk 0:11:21]} Kb8 {[%clk 0:36:18]} 33. Qa2
{[%clk 0:06:00]} Qb6 {[%clk 0:35:09]} 34. Qa1 {[%clk 0:03:45]} Bc8
{[%clk 0:35:03]} 35. Rh1 {[%clk 0:04:00]} Rxh1 {[%clk 0:25:13]} 36. Qxh1
{[%clk 0:04:25]} Bxa6 {[%clk 0:25:30]} 37. Qh8+ {[%clk 0:03:38]} Bc8
{[%clk 0:25:46]} 38. Qe8 {[%clk 0:03:10]} Bxb4 {[%clk 0:17:38]} 39. cxb4
{[%clk 0:03:31]} a6 {[%clk 0:17:47]} 40. Bd3 {[%clk 0:03:31]} Qd6
{[%clk 0:18:05]} 41. Kc3 {[%clk 0:03:46]} Kc7 {[%clk 0:18:17]} 42. Kb3
{[%clk 0:03:47]} Bd7 {[%clk 0:18:04]} 43. Qa8 {[%clk 0:04:00]} Qb6
{[%clk 0:17:43]} 44. Be2 {[%clk 0:04:03]} Bc8 {[%clk 0:17:44]} 45. Bd3
{[%clk 0:04:24]} e5 {[%clk 0:15:54]} 46. dxe5 {[%clk 0:03:58]} d4
{[%clk 0:16:18]} 47. Qh1 {[%clk 0:02:48]} Qe6+ {[%clk 0:15:47]} 48. Ka3
{[%clk 0:02:48]} dxe3 {[%clk 0:14:13]} 49. Qc1+ {[%clk 0:03:06]} Qc6
{[%clk 0:14:21]} 50. Qxe3 {[%clk 0:03:24]} Qc3+ {[%clk 0:14:29]} 51. Ka2
{[%clk 0:03:43]} Be6+ {[%clk 0:14:44]} 52. Kb1 {[%clk 0:04:12]} Qxb4+
{[%clk 0:14:45]} 53. Kc1 {[%clk 0:03:49]} Kc6 {[%clk 0:14:35]} 54. Qa7
{[%clk 0:03:26]} Qc5+ 0-1

[Event "Wroclaw Open"]
[Site "?"]
[Date "2017.08.16"]
[Round "8.11"]
[White "Dziodzio, Angelika"]
[Black "Motyl, Tomasz"]
[Result "1/2-1/2"]
[BlackElo "2027"]
[WhiteElo "2126"]
[LiveChessVersion "1.4.6"]

1. e4 {[%clk 1:30:57]} c6 {[%clk 1:30:52]} 2. d4 {[%clk 1:31:22]} d5
{[%clk 1:31:15]} 3. exd5 {[%clk 1:31:47]} cxd5 {[%clk 1:31:31]} 4. Bd3
{[%clk 1:32:11]} Nc6 {[%clk 1:31:55]} 5. c3 {[%clk 1:32:35]} Nf6 {[%clk 1:32:11]}
6. Bf4 {[%clk 1:32:57]} Bg4 {[%clk 1:32:34]} 7. Qb3 {[%clk 1:33:23]} Qc8
{[%clk 1:32:54]} 8. Nd2 {[%clk 1:33:45]} e6 {[%clk 1:33:14]} 9. Ngf3
{[%clk 1:34:11]} Bh5 {[%clk 1:32:35]} 10. O-O {[%clk 1:26:40]} Bg6
{[%clk 1:30:57]} 11. Bb5 {[%clk 1:25:58]} Be7 {[%clk 1:26:08]} 12. c4
{[%clk 1:16:21]} O-O {[%clk 1:19:06]} 13. Bxc6 {[%clk 1:12:33]} bxc6
{[%clk 1:07:53]} 14. c5 {[%clk 1:03:31]} Nh5 {[%clk 1:02:20]} 15. Qe3
{[%clk 1:01:58]} Nxf4 {[%clk 1:01:32]} 16. Qxf4 {[%clk 0:59:05]} Qb8
{[%clk 0:49:14]} 17. Ne5 {[%clk 0:54:11]} Rc8 {[%clk 0:48:40]} 18. b3
{[%clk 0:52:39]} Bf6 {[%clk 0:44:36]} 19. Ndf3 {[%clk 0:48:07]} Be4
{[%clk 0:43:28]} 20. Qe3 {[%clk 0:43:22]} Bxe5 {[%clk 0:35:01]} 21. Nxe5
{[%clk 0:43:24]} f6 {[%clk 0:34:32]} 22. Nf3 {[%clk 0:39:52]} Re8
{[%clk 0:32:31]} 23. Nd2 {[%clk 0:39:09]} Bg6 {[%clk 0:29:42]} 24. f4
{[%clk 0:39:00]} Qb5 {[%clk 0:27:33]} 25. Rae1 {[%clk 0:36:38]} Qd3
{[%clk 0:25:58]} 26. Rf3 {[%clk 0:34:28]} Qxe3+ {[%clk 0:25:45]} 27. Rfxe3
{[%clk 0:34:47]} Kf7 {[%clk 0:24:37]} 28. Nf1 {[%clk 0:30:59]} Be4
{[%clk 0:22:03]} 29. Ng3 {[%clk 0:30:33]} f5 {[%clk 0:20:44]} 30. Ne2
{[%clk 0:28:34]} h6 {[%clk 0:20:53]} 31. Rg3 {[%clk 0:27:35]} 1/2-1/2

[Event "Wroclaw Open"]
[Site "?"]
[Date "2017.08.16"]
[Round "8.12"]
[White "Czachor, Grzegorz"]
[Black "Krzyzosiak, Anna"]
[Result "1-0"]
[BlackElo "1518"]
[WhiteElo "2108"]
[LiveChessVersion "1.4.6"]

1. d4 {[%clk 1:30:44]} Nf6 {[%clk 1:30:48]} 2. Nf3 {[%clk 1:30:25]} g6
{[%clk 1:30:13]} 3. Nc3 {[%clk 1:27:50]} Bg7 {[%clk 1:30:19]} 4. e4
{[%clk 1:27:58]} d6 {[%clk 1:29:50]} 5. Be2 {[%clk 1:28:11]} O-O {[%clk 1:28:51]}
6. O-O {[%clk 1:28:35]} Bg4 {[%clk 1:27:32]} 7. Be3 {[%clk 1:25:39]} Nc6
{[%clk 1:25:50]} 8. d5 {[%clk 1:24:49]} Bxf3 {[%clk 1:23:56]} 9. Bxf3
{[%clk 1:23:04]} Ne5 {[%clk 1:24:15]} 10. Be2 {[%clk 1:23:26]} e6
{[%clk 1:21:50]} 11. f4 {[%clk 1:22:20]} Ned7 {[%clk 1:21:16]} 12. dxe6
{[%clk 1:22:17]} fxe6 {[%clk 1:21:27]} 13. Bc4 {[%clk 1:22:27]} Qe7
{[%clk 1:20:35]} 14. f5 {[%clk 1:16:07]} gxf5 {[%clk 1:15:19]} 15. exf5
{[%clk 1:16:00]} d5 {[%clk 1:15:16]} 16. Bb3 {[%clk 1:16:13]} exf5
{[%clk 1:11:49]} 17. Nxd5 {[%clk 1:14:13]} Nxd5 {[%clk 1:11:22]} 18. Qxd5+
{[%clk 1:14:18]} Kh8 {[%clk 1:09:47]} 19. Rae1 {[%clk 1:14:32]} c6
{[%clk 1:06:15]} 20. Qd1 {[%clk 1:12:49]} a5 {[%clk 1:02:54]} 21. Qh5
{[%clk 0:58:08]} Bxb2 {[%clk 1:00:07]} 22. Bh6 {[%clk 0:53:50]} Qc5+
{[%clk 0:58:47]} 23. Kh1 {[%clk 0:54:10]} Rf6 {[%clk 0:55:35]} 24. Re8+
{[%clk 0:51:14]} Rxe8 {[%clk 0:55:33]} 25. Qxe8+ {[%clk 0:51:37]} Nf8
{[%clk 0:55:51]} 26. Bg5 {[%clk 0:51:29]} Qd6 {[%clk 0:49:52]} 27. c3
{[%clk 0:50:12]} Bxc3 {[%clk 0:49:03]} 28. Rd1 {[%clk 0:48:56]} Qb4
{[%clk 0:48:08]} 29. Bxf6+ {[%clk 0:48:51]} Bxf6 {[%clk 0:48:26]} 30. Qf7
{[%clk 0:49:18]} Qg4 {[%clk 0:47:17]} 31. Qxf8+ {[%clk 0:49:31]} 1-0